Report , Pt.1-A: (Record no. 53285)

MARC details
000 -LEADER
fixed length control field 01429nam a2200397 a 4500
001 - CONTROL NUMBER
control field vtls000049397
003 - CONTROL NUMBER IDENTIFIER
control field NLI
005 - DATE AND TIME OF LATEST TRANSACTION
control field 20210601185715.0
008 - FIXED-LENGTH DATA ELEMENTS--GENERAL INFORMATION
fixed length control field 101125r1957 ii f000 0 eng
020 ## - INTERNATIONAL STANDARD BOOK NUMBER
Terms of availability Rs.2.25
039 #9 - LEVEL OF BIBLIOGRAPHIC CONTROL AND CODING DETAIL [OBSOLETE]
-- 201011250448
-- VLOAD
040 0# - CATALOGING SOURCE
Original cataloging agency NLI
Language of cataloging eng
Transcribing agency VERGIS-2003
041 0# - LANGUAGE CODE
Language code of text/sound track or separate title eng
044 ## - COUNTRY OF PUBLISHING/PRODUCING ENTITY CODE
MARC country code ii
082 04 - DEWEY DECIMAL CLASSIFICATION NUMBER
Classification number 312
110 1# - MAIN ENTRY--CORPORATE NAME
Corporate name or jurisdiction name as entry element Madhya Bharath (India)
Subordinate unit Superintendent of Census Commissioner
9 (RLIN) 128040
240 10 - UNIFORM TITLE
Uniform title [Census of India, 1951]
245 10 - TITLE STATEMENT
Title Report , Pt.1-A:
Remainder of title vol.15 Madhya Bharat&Bhopal /
Statement of responsibility, etc. Superintendent of Census Commissioner, Govt of Madhya Bharat
260 ## - PUBLICATION, DISTRIBUTION, ETC.
Place of publication, distribution, etc. Delhi:
Name of publisher, distributor, etc. The Manager of Publications,
Date of publication, distribution, etc. 1957
300 ## - PHYSICAL DESCRIPTION
Extent v,75 p.;
Dimensions 27 cm.
500 ## - GENERAL NOTE
General note At head of title Census of India, 1951
546 ## - LANGUAGE NOTE
Language note eng
650 #0 - SUBJECT ADDED ENTRY--TOPICAL TERM
Topical term or geographic name entry element Demography
Geographic subdivision Madhya Bharath \z India
9 (RLIN) 128041
650 #0 - SUBJECT ADDED ENTRY--TOPICAL TERM
Topical term or geographic name entry element Rural population
Geographic subdivision Madhya Bharath \z India
9 (RLIN) 128042
650 #0 - SUBJECT ADDED ENTRY--TOPICAL TERM
Topical term or geographic name entry element City dwellers
Geographic subdivision Madhya Bharath \z India
9 (RLIN) 128043
651 #0 - SUBJECT ADDED ENTRY--GEOGRAPHIC NAME
Geographic name Madhya Bharath(India)
General subdivision Census
Chronological subdivision 1951
9 (RLIN) 128232
651 #0 - SUBJECT ADDED ENTRY--GEOGRAPHIC NAME
Geographic name Madhya Bharath(India)
General subdivision Population
-- Statistics
Chronological subdivision 1951
9 (RLIN) 128233
887 ## - NON-MARC INFORMATION FIELD
Content of non-MARC field
901 ## - LOCAL DATA ELEMENT A, LDA (RLIN)
a I.O.D.9937
b 06/03/58 (1951) v.15 Pt.1-A
902 ## - LOCAL DATA ELEMENT B, LDB (RLIN)
a G.P. 312 (54) In 2
906 ## - LOCAL DATA ELEMENT F, LDF (RLIN)
a 1752
949 ## - LOCAL PROCESSING INFORMATION (OCLC)
-- VIRTUAITEM
-- 10000
-- 1
-- 100
6 IOD000009937ENG
9 v.15 pt.1-a
a GP 312 (54) In2(1951)v15Pt1-A
m 54
942 ## - ADDED ENTRY ELEMENTS (KOHA)
Source of classification or shelving scheme Dewey Decimal Classification
Koha item type Books
Holdings
Withdrawn status Lost status Damaged status Not for loan Collection code Home library Current library Shelving location Date acquired Total Checkouts Full call number Barcode Date last seen Copy/Vol. number Price effective from Koha item type
        Government Publications National Library of India National Library of India Annexe Reading Room & Stack Division     G.P. 312 (54) In 2 IOD000009937ENG 01/06/2021 54 01/06/2021 Books
                                                                           
web counter

Copyright ©2020 The National Library of India, Govt. of India ↔ Hosted by NVLI, MOC ↔ Technology and Design by National Library of India, Ministry of Culture, Govt. of India